000 00451nam a2200181Ia 4500
008 151202s9999||||xx |||||||||||||| ||und||
082 _bPNVM-83059
100 _aENID BLYTON.
245 _aFive go to Mystery Moor.
260 _bHODDER & STOUGHTON.
260 _c1991
300 _a155
600 _aENID BLYTON.
630 _aFive go to Mystery Moor.
700 _aENID BLYTON.
730 _aFive go to Mystery Moor.
942 _cBOOK
999 _c1347725
_d1347722